Random Trivia #2 - Statistics

General Stats
  • This quiz has been taken 29 times
  • The average score is 4 of 15
Answer Stats
Hint Answer % Correct
Which US state is Chicago in? Illinois
83%
How many balls are on a pool table at the start of a game? 16
71%
How many instruments could Richard Nixon play? 5
71%
In bowling what is the term for knocking down all pins in two consecutive balls? Spare
42%
What is a second full moon in a month called? Blue Moon
29%
Which country is home to the world's longest roller coaster? Japan
25%
The name of which martial art means "gentle way"? Judo
21%
What is the Roman name of the Greek god Hephaestus? Vulcan
17%
On what day does Canada celebrate its birthday? July 1
13%
A Villanelle is a type of what? Poem
13%
In the TV show "The Simpsons", Lenny and Homer were members of what secret society Stonecutters
8%
What is the name of the highly-entertaining main villain of "The Matrix"? Agent Smith
4%
By display area, what is the largest art museum in the US? Metropolitian Museum of Art
4%
Where did the Stonewall Riots take place? New York City
4%
What was Luke Skywalker's original name? Like Starkiller
0%
No matching quizzes found
Score Distribution
Percent of People with Each Score
Percentile by Number Answered
Your Score History
You have not taken this quiz